| 000 | 02894cam a22003375a 4500 | ||
|---|---|---|---|
| 999 |
_c12561 _d12561 |
||
| 001 | 15659056 | ||
| 003 | EG-ScBUE | ||
| 005 | 20200112112742.0 | ||
| 008 | 090313t2010 waua f b 001 0 eng d | ||
| 020 | _a9781433805615 | ||
| 040 |
_aEG-ScBUE _beng _erda _cEG-ScBUE _dEG-ScBUE |
||
| 082 | 0 | 4 |
_a808.06615 _bPUB _222 |
| 245 | 0 | 0 | _aPublication manual of the American Psychological Association. |
| 250 | _aSixth edition. | ||
| 264 | 1 |
_aWashington, DC : _bAmerican Psychological Association, _c[2010] |
|
| 264 | 4 | _cc 2010 | |
| 300 |
_axviii, 272 pages : _billustrations ; _c24 cm |
||
| 336 |
_2rdacontent _atext _btxt |
||
| 337 |
_2rdamedia _aunmediated _bn |
||
| 338 |
_2rdacarrier _avolume _bnc |
||
| 500 | _aIncludes appendix. | ||
| 504 | _aIncludes bibliographical references and index. | ||
| 520 | _aWith millions of copies sold, the Publication Manual of the American Psychological Association is the style manual of choice for writers, editors, students, educators, and professionals in psychology, sociology, business, economics, nursing, social work, and justice administration, and other disciplines in which effective communication with words and data is fundamental. In addition to providing clear guidance on grammar, the mechanics of writing, and APA style, the Publication Manual offers an authoritative and easy-to-use reference and citation system and comprehensive coverage of the treatment of numbers, metrication, statistical and mathematical data, tables, and figures for use in writing, reports, or presentations. The new edition has been revised and updated to include: the latest guidelines and examples for referencing electronic and online sources, new and revised guidelines for submitting papers electronically, improved guidelines for avoiding plagiarism, simplified formatting guidelines for writers using up-to-date word-processing software, all new guidelines for presenting case studies, improved guidelines for the construction of tables, updates on copyright and permissions issues for writers, new reference examples for audiovisual media and patents, an expanded and improved index for quick and easy access. Writers, scholars, and professionals will also find: new guidelines on how to choose text, tables, or figures to present data, guidelines for writing cover letters for submitting articles for publication (plus a sample letter), expanded guidelines on the retention of raw data, new advice on establishing written agreements for the use of shared data, and, new information on the responsibilities of co-authors. | ||
| 590 | _anadeen magdy | ||
| 650 | 7 |
_aPsychology _xAuthorship _vStyle manuals. _2BUEsh _98406 |
|
| 650 | 7 |
_aSocial sciences _xAuthorship _vStyle manuals. _2BUEsh _98407 |
|
| 653 |
_bHHUUEENN _cJuly2019 |
||
| 655 | _vReading book | ||
| 942 |
_2ddc _cREFERENCE |
||